000 00474nam a2200181Ia 4500
008 090124s9999 xx 000 0 und d
082 _b117157
100 _aकेणेकर मुक्ता
245 _a छबिना
250 _a1
260 _c1977
300 _a222
600 _aकेणेकर मुक्ता
630 _a छबिना
700 _aकेणेकर मुक्ता
730 _a छबिना
942 _cBOOK
999 _c163243
_d163243